Uvas de esperanza

Enregistré dans:
Détails bibliographiques
Auteur principal: Allard, Sergio (Auteur)
Format: Livre
Langue:espagnol
Publié: Santiago Fondo de Cultura Económica 2013
Édition:1a. ed
Collection:Biblioteca Chilena
Sujets:
Tags: Ajouter un tag
Pas de tags, Soyez le premier à ajouter un tag!

MARC

LEADER 00000cam a2200000 a 4500
001 UCE2028
003 CL-VaPUC
008 140605e20130000cl |||||||||||||||||spa|d
020 |a 9789562891141 
082 0 4 |a 863  |b ALL  |2 21 
100 0 |a Allard, Sergio  |e author  |9 574493 
245 1 0 |a Uvas de esperanza 
250 |a 1a. ed 
300 |a 976 p 
942 |c BK 
945 |d 20140605 14:22:00  |a dcastane 
260 |a Santiago  |b Fondo de Cultura Económica  |c 2013 
650 0 |a Novelas chilenas   |9 265425 
650 0 |a Literatura chilena   |9 308278 
583 |a last modification  |c 20140605 14:22:00  |k Rodrigo Vera 
490 0 |a Biblioteca Chilena 
999 |c 355707  |d 355705 
952 |0 0  |1 0  |3 erb  |4 0  |6 863_000000000000000_ALL_2013  |7 0  |8 C  |9 462533  |a BIBCUR  |b BIBCUR  |i 5081696  |o 863 ALL 2013  |p 5081696  |r 2025-04-22  |w 2019-11-23  |y BK  |z Catalogado en:20140605  |k CAC 
952 |0 0  |1 0  |3 erb  |4 0  |6 863_000000000000000_ALL_2013  |7 0  |8 R  |9 462534  |a BIBEDU  |b BIBEDU  |c MCIRC  |i 508170K  |o 863 ALL 2013  |p 508170K  |r 2023-01-13  |w 2019-11-23  |y BK_R  |z Catalogado en:20140605  |k CUE 
952 |0 0  |1 0  |3 erb  |4 0  |6 863_000000000000000_ALL_2013  |7 0  |8 A  |9 462535  |a BIBING  |b BIBING  |i 5081718  |l 1  |o 863 ALL 2013  |p 5081718  |r 2025-01-20  |s 2023-11-20  |w 2019-11-23  |y BK  |z Catalogado en:20140605  |k CUI